Big Bend National Park, Texas : March 18-19, 1955 /

Bibliographic Details
Corporate Author: West Texas Geological Society
Other Authors: Lonsdale, John Tipton, 1895-1960
Format: Book
Language:English
Published: [Midland, Tex.] : The Society, 1955.
Series:West Texas Geological Society. 1955 spring field trip guidebook
Subjects:

MARC

Tag First Indicator Second Indicator Subfields
LEADER 00000cam a2200000Ii 4500
001 in00002394792
005 20151109073400.0
008 800517s1955 txuab b 000 0 eng d
019 |a 25534458 
035 |a (OCoLC)ocm06328989 
035 |a (OCoLC)6328989  |z (OCoLC)25534458 
040 |a TXU  |c TXU  |d OCLCQ  |d TXA  |d UtOrBLW 
043 |a n-us-tx 
049 |a TXAM 
090 |a QE45  |b .W48 1955 
110 2 |a West Texas Geological Society. 
245 1 0 |a Big Bend National Park, Texas :  |b March 18-19, 1955 /  |c Leaders: John T. Lonsdale, Ross A. Maxwell, John A. Wilson, [and] Roy T. Hazzard. 
264 1 |a [Midland, Tex.] :  |b The Society,  |c 1955. 
300 |a 142 pages :  |b illustrations, maps ;  |c 29 cm. 
336 |a text  |b txt  |2 rdacontent 
337 |a unmediated  |b n  |2 rdamedia 
338 |a volume  |b nc  |2 rdacarrier 
490 1 |a West Texas Geological Society. 1955 spring field trip guidebook 
504 |a Includes bibliographical references (pages 139-142). 
650 0 |a Geology  |z Texas  |z Big Bend National Park. 
700 1 |a Lonsdale, John Tipton,  |d 1895-1960. 
810 2 |a West Texas Geological Society.  |b Field Trip. 
994 |a C0  |b TXA 
948 |a cataloged  |b h  |c 2008/6/30  |d c  |e jlanham  |f 12:04:15 pm 
999 |a MARS 
999 f f |s 5edffc95-1a0d-3a98-b81e-9907e9a1b999  |i ac578c24-200a-3be2-80c5-c707294c9662  |t 0 
952 f f |p normal  |a Texas A&M University  |b College Station  |c Sterling C. Evans Library  |s Evans stk  |d Evans: Library Stacks  |t 0  |e QE45 .W48 1955  |h Library of Congress classification  |i unmediated -- volume  |m A14837259409 
998 f f |a QE45 .W48 1955  |t 0  |l Evans: Library Stacks